000 00690nam a2200205 4500
001 140516
003 ES-MaACL
007 t|
008 070214s1953 sp r ||||1| spa d
100 1 _aSeifert, Josef Leo.
_9105253
245 1 4 _aLos revolucionarios del mundo
_b: (de Bogomil a Lenin, a través de Hus) /
_cJosef Leo Seifert ; [versión española de Jesús Ruiz y Ruiz].
250 _a1ª ed.
260 _aBarcelona :
_bLuis de Caralt,
_c1953.
300 _a360 p., 4 lám. :
_bil. ;
_c21 cm.
490 1 _aCultura religiosa
700 1 _aRuiz y Ruiz, Jesús.
_9100961
830 0 _aCultura religiosa
_9187173
852 _aES-MaACL
_jC-6455
_bR.35576
999 _c140516
_d140516